000
00205 a2200097 4500
001
1099
100
_a
Valkenburgh,V.
245
_a
Basic industrial electricity
260
_a
_b
Rider
_c
090
_c
663
_d
663
942
_a
NUST-CAE
_c
M
_c
33189
999
_c
236172
_d
236172